000 nam a22 7a 4500
999 _c234460
_d234460
003 Nust
005 20170321112820.0
008 170321b xxu||||| |||| 00| 0 eng d
020 _a9789696030157
040 _c0
082 _a104.5 HUS
100 _aHussain,Ch Ghulam
245 _aPakistan Engineering Congress Centenary Celebration (1912-2012)
260 _aLohore
_bPEC
_c2012
300 _a484 p
_bH.B
500 _aH.B.
942 _2ddc
_cBK
_k104.5 HUS